00957cam a2200277 i 45000010009000000050017000090080041000260100017000670200038000840200042001220200026001640400028001900420008002180500022002260820021002481000022002692450138002912500017004292600037004463000032004835000042005155000020005576500027005776500042006047000033006461859901120210209112312.0150501s2016 nyua 001 0 eng  a 2015017536 a9780415836661 (pbk. : alk. paper) a9780415836654 (hardback : alk. paper) z9781315814919 (ebook) aDLCbengcDLCerdadDLC apcc00aQA278 b.S74 201600a519.5/3502432231 aPituch, Keenan A.10aApplied multivariate statistics for the social sciences :banalyses with SAS and IBM's SPSS /cKeenan A. Pituch and James P. Stevens. a6th edition. aNew York : bRoutledge, c©2016 axx, 793 p. :bill. ;c26 cm aPrevious edition by James P. Stevens. aIncludes index. 0aMultivariate analysis. 0aSocial sciencesxStatistical methods.1 aStevens, Jamesq(James Paul)